Efficiency of the Determined Model of Power Consumption by Nonlinear Closed Slow-Response Production; Applied Mechanics and Materials; Vol. 770 : Urgent Problems of Up-to-Date Mechanical Engineering

Dettagli Bibliografici
Parent link:Applied Mechanics and Materials: Scientific Journal
Vol. 770 : Urgent Problems of Up-to-Date Mechanical Engineering.— 2015.— [P. 561-565]
Autore principale: Zaytseva N. M.
Ente Autore: Национальный исследовательский Томский политехнический университет (ТПУ)
Riassunto:Title screen
It is impossible to predict energy consumption without sufficient degree of accuracy for power-consuming nonlinear inertial industries at change of technological parameters. This problem is solved by the simplified and determined model based on the equations of material balance of streams for substance.
Режим доступа: по договору с организацией-держателем ресурса
Lingua:inglese
Pubblicazione: 2015
Serie:Mechatronics, Automation and Control
Soggetti:
Accesso online:http://dx.doi.org/10.4028/www.scientific.net/AMM.770.561
Natura: MixedMaterials Elettronico Capitolo di libro
KOHA link:https://koha.lib.tpu.ru/cgi-bin/koha/opac-detail.pl?biblionumber=643425

MARC

LEADER 00000nla2a2200000 4500
001 643425
005 20231101134250.0
035 |a (RuTPU)RU\TPU\network\8417 
035 |a RU\TPU\network\8415 
090 |a 643425 
100 |a 20150909a2015 k y0engy50 ba 
101 0 |a eng 
105 |a a z 101zy 
135 |a drcn ---uucaa 
181 0 |a i  
182 0 |a b 
200 1 |a Efficiency of the Determined Model of Power Consumption by Nonlinear Closed Slow-Response Production  |f N. M. Zaytseva 
203 |a Text  |c electronic 
225 1 |a Mechatronics, Automation and Control 
300 |a Title screen 
330 |a It is impossible to predict energy consumption without sufficient degree of accuracy for power-consuming nonlinear inertial industries at change of technological parameters. This problem is solved by the simplified and determined model based on the equations of material balance of streams for substance. 
333 |a Режим доступа: по договору с организацией-держателем ресурса 
461 0 |0 (RuTPU)RU\TPU\network\5920  |t Applied Mechanics and Materials  |o Scientific Journal 
463 0 |0 (RuTPU)RU\TPU\network\8263  |t Vol. 770 : Urgent Problems of Up-to-Date Mechanical Engineering  |o International conference, December 11-12, 2014, Yurga, Russia  |o [proceedings]  |f National Research Tomsk Polytechnic University (TPU) ; ed. D. A. Chinakhov  |v [P. 561-565]  |d 2015 
610 1 |a электронный ресурс 
610 1 |a труды учёных ТПУ 
610 1 |a эффективность 
610 1 |a энергетический менеджмент 
610 1 |a энергопотребление 
610 1 |a технологические параметры 
700 1 |a Zaytseva  |b N. M. 
712 0 2 |a Национальный исследовательский Томский политехнический университет (ТПУ)  |c (2009- )  |2 stltpush  |3 (RuTPU)RU\TPU\col\15902 
801 2 |a RU  |b 63413507  |c 20150909  |g RCR 
856 4 0 |u http://dx.doi.org/10.4028/www.scientific.net/AMM.770.561 
942 |c CF